Az idő tükrében Kovács Endre egyik hozzám intézett levele és kommentárja. Dokumentum

Podrobná bibliografia
Hlavný autor: Kovács, Endre, 1911-1985 (Autor)
Médium: Článok
Jazyk:maďarčina
Fyzický popis:Obr. 1
Predmet:

MARC

LEADER 00000nab a2200000 a 4500
001 vtls000527580
003 SK-MaSNL
005 20260303202229.0
008 160202c1994 xo 0 hun
015 |a SNBRB19rr/mm-uuuuu 
035 |a CL0527718 
040 |a SNKBUCL  |b slo  |c SNKBUCL  |e AACR2 
041 0 |a hun 
044 |a xo  |c SK 
080 |a 930.1-051  |2 1981 
080 |a 82:929:894.511  |2 1981 
080 |a 929 Kovács, Endre  |2 1981 
100 1 |a Kovács, Endre,  |d 1911-1985  |4 aut  |9 198577 
245 1 3 |a Az idő tükrében  |b Kovács Endre egyik hozzám intézett levele és kommentárja. Dokumentum  |c Endre Kovács, László Fogarassy 
300 |b Obr. 1 
500 |a Aut. pozn. 
600 1 7 |a Kovács, Endre,  |d 1911-1985  |2 snkbucl  |9 198577 
600 1 7 |a Fogarassy, László,  |d 1920-1994  |2 snkbucl  |9 346236 
655 7 |a korešpondencia  |2 snkbucl  |9 60843 
655 7 |a články z novín a časopisov  |2 snkbucl  |9 267496 
773 0 |t Keleti napló  |g Roč. 5, č. 9 (1994), s. 8-9 
850 |a Slovenská národná knižnica v Martine  |a DSG001 
852 |a SNK  |b KIS3GCP 
958 |a RK 
958 |a BC 
958 |a HU 
958 |a LX 
992 |a RBX 
999 |c 2178409  |d 2180339